Cost-benefit analisys and project evaluation (Registro nro. 25957)

Detalles MARC
000 -LEADER
fixed length control field 00335 a2200109 4500
001 - CONTROL NUMBER
control field ART_11935
005 - DATE AND TIME OF LATEST TRANSACTION
control field 20260410161901.0
008 - FIXED-LENGTH DATA ELEMENTS--GENERAL INFORMATION
fixed length control field 260409a
100 1# - MAIN ENTRY--PERSONAL NAME
Personal name Diewert, W. E.
245 10 - TITLE STATEMENT
Title Cost-benefit analisys and project evaluation
773 0# - HOST ITEM ENTRY
Title Journal of public economics
Related parts - Vol. 22, Nº 3 (dic. 1983)
Record control number REV11485

No hay ítems disponibles.